| 000 | 00787nam a22002057a 4500 | ||
|---|---|---|---|
| 999 |
_c18665 _d18665 |
||
| 003 | AR-CdUCM | ||
| 008 | 190514b ||||| |||| 00| 0 spa d | ||
| 040 |
_aMUNICIPALIDAD PROVINCIAL DEL CUSCO _cBIBLIOTECA MUNICIPAL DEL CUSCO |
||
| 082 |
_a523.1 / _bN77 |
||
| 100 |
_aNölke, F. R. _939393 |
||
| 245 |
_aLa evolución del universo : _bproblemas e hipótesis cosmogónicos / |
||
| 260 |
_aMadrid : _bRevista de occidente, _c1927. |
||
| 300 |
_a171 páginas ; _c22 cm. |
||
| 440 |
_aNuevos hechos, nuevas ideas ; _n21 _939394 |
||
| 505 | _aContenido: Hipótesis nebulares -- Hipótesis meteóricas -- Hipótesis estelares -- Resultado de la critica ... | ||
| 650 |
_aCosmología _913090 |
||
| 700 |
_aCabrera, J. (traducción) _926713 |
||
| 942 |
_2ddc _cLIBROS |
||
| 945 |
_aacv _d2019-05-14 |
||